|
|
|
|
| LEADER |
00642nab a2200169 i 4500 |
| 001 |
misc4950 |
| 005 |
20191106142904.0 |
| 008 |
170607s1928 hu o 0|| hun d |
| 040 |
|
|
|a SZTE Miscellanea Repozitórium
|b hun
|
| 041 |
|
|
|a hun
|
| 100 |
1 |
|
|a Vészi Mátyás
|
| 245 |
1 |
0 |
|a Adó- és illetékügyi határozatok tára
|h [elektronikus dokumentum] :
|b [könyvismertetés] /
|c Vészi Mátyás
|
| 260 |
|
|
|c 1928
|
| 300 |
|
|
|a 83b
|
| 490 |
0 |
|
|a Polgári jog : a hazai és külföldi magánjog és hiteljog szemléje
|v 4 No. 5-6
|
| 695 |
|
|
|a Adózás döntvénytár
|
| 856 |
4 |
0 |
|u http://misc.bibl.u-szeged.hu/4950/1/polgari_jog_1928_083b.pdf
|z Dokumentum-elérés
|